• 首页
  • 本馆介绍
  • 公告通知
  • 最新文献
  • 馆藏检索
  • 电子资源
  • 读者导购
  • 参考咨询
  • 我的图书馆
  • 登录
  • 详细信息显示
  • 放入我的书架
  • 预约/预借图书
  • 作者相关作品
  • 分类相关作品
  • 丛书相关作品
  • 出版社相关作品

书目信息

  • 表格格式
  • 工作单格式
  • 卡片格式
题名:
校园文化与创造力的培养
    
 
作者: 汪子为 著
分册:  
出版信息: 武汉   湖北教育出版社  2002
页数: 228页
开本: 20cm
丛书名: 创造教育丛书
单 册:
中图分类: G424.28
科图分类:
主题词: 第二课堂
电子资源:
ISBN: 7-5351-3312-6
000 00836oam2 2200241 450
001 070022008930
005 20051018095300.64
010    @a7-5351-3312-6@dCNY12.00
100    @a20050112d2002 ekmy0chiy0120 ea
101 0  @achi
102    @aCN@b420000
105    @ay z 000yy
200 1  @a校园文化与创造力的培养@9xiao yuan wen hua yu chuang zao li de pei yang@f汪子为等著@Fwang zi wei deng zhu
210    @a武汉@c湖北教育出版社@d2002
215    @a228页@d20cm
225 2  @a创造教育丛书@h第二辑
330    @a本书内容包括校园文化的物质层面,校园文化的导向与激励功能,校园文化与学生获得新知识能力的培养,校园文化与学生人际协作和社会活动能力的培养等。
461  0 @12001 @a创造教育丛书
606 0  @a第二课堂
690    @aG424.28@v4
701  0 @a汪子为@Awang zi wei@4著
801  0 @aCN@bTSSF@c20051018
905    @a10447@dG424.28@e111
    
    校园文化与创造力的培养/汪子为等著.-武汉:湖北教育出版社,2002
    228页;20cm.-(创造教育丛书.第二辑)
    
    
    ISBN 7-5351-3312-6:CNY12.00
    本书内容包括校园文化的物质层面,校园文化的导向与激励功能,校园文化与学生获得新知识能力的培养,校园文化与学生人际协作和社会活动能力的培养等。
●
相关链接 在E读中查询图书 在五车中查询图书 在当当中查询图书 在豆瓣中查询图书


正题名:校园文化与创造力的培养     索取号:G424.28/111         预约/预借

序号 登录号 条形码 馆藏地/架位号 状态 备注
1 0366048   3660489   第一样本阅览室/ [索取号:G424.28/111] 在馆    
2 0366049   3660498   第四借阅区/ [索取号:G424.28/111] 在馆    
3 0366050   3660504   第四借阅区/ [索取号:G424.28/111] 在馆    
4 0366051   3660513   第四借阅区/ [索取号:G424.28/111] 在馆    
5 0366052   3660522   第四借阅区/ [索取号:G424.28/111] 在馆    
6 0366053   3660531   第四借阅区/ [索取号:G424.28/111] 在馆    
7 0366054   3660540   第四借阅区/ [索取号:G424.28/111] 在馆    
8 0366055   3660559   第四借阅区/ [索取号:G424.28/111] 在馆    
唐山师范学院图书馆 欢迎您!
大连网信软件有限公司© 版权所有